| 000 | 00912cam a22002651 4500 | ||
|---|---|---|---|
| 001 | 14578 | ||
| 003 | BD-RjUL | ||
| 005 | 20211208235643.0 | ||
| 008 | 140206s1958 nyu b 001 0 eng d | ||
| 035 | _a(BD-RjUL)14631 | ||
| 040 |
_aDLC/ICU _cICU _dDLC _dBD-RjUL _beng |
||
| 041 | _aeng | ||
| 082 | 0 | 0 |
_a547 _bMUO 1958 |
| 100 | 1 |
_aMurray, Arthur, _d1913- _945453 |
|
| 245 | 1 | 0 |
_aOrganic syntheses with isotopes / _cby Arthur Murray, III, and D. Lloyd Williams. _nPart II _pOrganic Compounds Labeled With Isotopes of the Halogens |
| 260 |
_aNew York : _bInterscience Publishers, _c1958. |
||
| 300 |
_ax, 2096 p. ; _c24 cm. |
||
| 504 | _aIncludes bibliographical references and Index | ||
| 505 | _a Pt. 1 -- 2 | ||
| 650 | 0 |
_aOrganic compounds _xSynthesis. _945454 |
|
| 650 | 0 |
_aIsotopes. _945455 |
|
| 700 | 1 |
_aWilliams, D. Lloyd _q(David Lloyd), _ejoint author. _9247753 |
|
| 942 |
_2ddc _cBK |
||
| 999 |
_c14578 _d14578 |
||